[Event "11th Norway Chess 2023"]
[Site "Stavanger NOR"]
[Date "2023.05.30"]
[Round "1.2"]
[White "Firouzja, Alireza"]
[Black "Gukesh, D"]
[Result "0-1"]
[WhiteTitle "GM"]
[BlackTitle "GM"]
[WhiteElo "2785"]
[BlackElo "2732"]
[WhiteFideId "12573981"]
[BlackFideId "46616543"]
[EventDate "2023.05.30"]

1. e4 e5 2. Nf3 Nc6 3. Bc4 Bc5 4. d3 Nf6 5. O-O d6 6. c3 h6 7. Nbd2 a5 8. Re1
O-O 9. Nf1 a4 10. Bb5 a3 11. b4 Bb6 12. Bc4 Ne7 13. Ng3 Ng6 14. h3 c6 15. Bb3 d5
16. exd5 Nxd5 17. Bd2 Be6 18. Nh5 Bc7 19. d4 exd4 20. Nxd4 Qd6 21. Ng3 Rad8 22.
Nxe6 fxe6 23. Qg4 Ne5 24. Qe2 Nxb4 25. Bg5 hxg5 26. cxb4 g6 27. Rad1 Qxb4 28.
Bxe6+ Kh8 29. Rb1 Qf4 30. Rxb7 Nd3 31. Rd1 Nc1 32. Rxc1 Qxc1+ 33. Kh2 Rd2 34.
Qe4 Rfxf2 35. Rxc7 Rxg2+ 36. Qxg2 Rxg2+ 37. Kxg2 Qd2+ 0-1

[Event "11th Norway Chess 2023"]
[Site "Stavanger NOR"]
[Date "2023.05.30"]
[Round "1.3"]
[White "Mamedyarov, Shakhriyar"]
[Black "Tari, Aryan"]
[Result "1/2-1/2"]
[WhiteTitle "GM"]
[BlackTitle "GM"]
[WhiteElo "2738"]
[BlackElo "2642"]
[WhiteFideId "13401319"]
[BlackFideId "1510045"]
[EventDate "2023.05.30"]

1. c4 e6 2. Nc3 d5 3. d4 c5 4. cxd5 exd5 5. Nf3 Nc6 6. Bg5 Be7 7. Bxe7 Ngxe7 8.
e3 c4 9. Be2 O-O 10. O-O Rb8 11. e4 b5 12. Qd2 dxe4 13. Nxe4 Be6 14. Rad1 Bd5
15. Nc3 Qd6 16. Ne5 Rfd8 17. Bf3 Bxf3 18. Nxf3 Nf5 19. d5 Nb4 20. Nd4 Nxd4 21.
Qxd4 a6 22. a4 h6 23. h3 Nd3 24. axb5 axb5 25. b3 Qb6 26. Nxb5 cxb3 27. Rxd3
Qxb5 28. Rb1 Qb4 29. Qxb4 Rxb4 30. Rdxb3 Rxb3 31. Rxb3 1/2-1/2

[Event "11th Norway Chess 2023"]
[Site "Stavanger NOR"]
[Date "2023.05.30"]
[Round "1.4"]
[White "Abdusattorov, Nodirbek"]
[Black "Giri, Anish"]
[Result "1/2-1/2"]
[WhiteTitle "GM"]
[BlackTitle "GM"]
[WhiteElo "2731"]
[BlackElo "2768"]
[WhiteFideId "14204118"]
[BlackFideId "24116068"]
[EventDate "2023.05.30"]

1. d4 Nf6 2. c4 e6 3. Nf3 d5 4. Nc3 Be7 5. Bg5 h6 6. Bh4 dxc4 7. e3 c5 8. Bxc4
cxd4 9. exd4 Nc6 10. O-O O-O 11. Rc1 b6 12. a3 Bb7 13. Bg3 Bd6 14. Ne5 Rc8 15.
Bb5 Bb8 16. Qa4 Ne7 17. Nd7 Nxd7 18. Bxd7 Bxg3 19. Bxc8 Bc6 20. Qc4 Bf4 21. Ba6
Bxc1 22. Rxc1 Qd7 23. h3 Rd8 24. Bb5 Bxb5 25. Qxb5 Nf5 26. Qxd7 Rxd7 27. Nb5
Nxd4 28. Nxd4 Rxd4 29. Rc8+ Kh7 30. Rc7 Kg6 31. Rxa7 Rd1+ 32. Kh2 Rd2 33. Kg3
Rxb2 34. a4 f5 35. a5 bxa5 36. Rxa5 Kf6 37. h4 g5 38. hxg5+ hxg5 39. f3 f4+ 40.
Kh3 Rb1 41. Kh2 g4 42. fxg4 e5 43. Ra8 e4 44. Re8 Re1 45. Rf8+ Kg5 46. Rg8+ Kh4
47. g5 f3 48. g6 Kg5 1/2-1/2

[Event "11th Norway Chess 2023"]
[Site "Stavanger NOR"]
[Date "2023.05.31"]
[Round "2.1"]
[White "Carlsen, Magnus"]
[Black "So, Wesley"]
[Result "1/2-1/2"]
[WhiteTitle "GM"]
[BlackTitle "GM"]
[WhiteElo "2853"]
[BlackElo "2760"]
[WhiteFideId "1503014"]
[BlackFideId "5202213"]
[EventDate "2023.05.30"]

1. e4 e5 2. Nf3 Nc6 3. Bb5 Nf6 4. d3 Bc5 5. Bxc6 dxc6 6. O-O Nd7 7. h3 O-O 8.
Nc3 a5 9. a4 f6 10. Qe2 Re8 11. Be3 Bd6 12. Nd2 Nf8 13. f3 Ng6 14. Qf2 Be6 15.
Ne2 Qd7 16. b3 Bb4 17. Rad1 b6 18. g4 b5 19. h4 bxa4 20. bxa4 Bd6 21. Qh2 c5 22.
h5 Nf4 23. Ra1 Nxe2+ 24. Qxe2 Reb8 25. c4 Rb4 26. Nb1 Rxa4 27. Rxa4 Qxa4 28. Nc3
Qc6 29. Ra1 a4 30. Qc2 Bd7 31. Ra2 Kf7 1/2-1/2

[Event "11th Norway Chess 2023"]
[Site "Stavanger NOR"]
[Date "2023.05.31"]
[Round "2.4"]
[White "Giri, Anish"]
[Black "Caruana, Fabiano"]
[Result "1/2-1/2"]
[WhiteTitle "GM"]
[BlackTitle "GM"]
[WhiteElo "2768"]
[BlackElo "2764"]
[WhiteFideId "24116068"]
[BlackFideId "2020009"]
[EventDate "2023.05.30"]

1. d4 Nf6 2. c4 e6 3. Nc3 Bb4 4. f3 d5 5. a3 Bxc3+ 6. bxc3 c5 7. cxd5 Nxd5 8.
dxc5 Qa5 9. e4 Ne7 10. Be3 O-O 11. Qb3 Qc7 12. Bb5 Nec6 13. Ne2 Na5 14. Qb4 Nbc6
15. Qa4 Ne5 16. Bd4 Ng6 17. O-O e5 18. Bf2 Be6 19. Rab1 Rfd8 20. Qc2 a6 21. Ba4
Nc4 22. Rbd1 Nxa3 23. Qc1 Nc4 24. Bb3 h6 25. h4 Qc6 26. h5 Ne7 27. Rxd8+ Rxd8
28. Rd1 Rd7 29. Qa1 Qc8 30. Nd4 exd4 31. cxd4 b5 32. cxb6 Nxb6 33. d5 Nbxd5 34.
exd5 Nxd5 35. Ba4 Rb7 36. Rc1 Rc7 37. Rxc7 Qxc7 38. Bb3 a5 39. Bxd5 Bxd5 40. Qd4
Bb3 41. Qb6 Qc3 42. Qc5 Qa1+ 43. Kh2 Be6 44. Bd4 Qa2 45. Bc3 a4 46. Qd4 f6 47.
Qd8+ Kh7 48. Qd3+ Kh8 49. Qd8+ Bg8 50. Bxf6 Qf7 51. Bb2 Qxh5+ 52. Kg1 Qg6 53.
Qd4 Kh7 54. Kf2 Bb3 55. Qe4 Qxe4 56. fxe4 h5 57. g3 g5 58. Ke3 h4 59. gxh4 gxh4
60. Kd2 h3 61. Be5 a3 62. Kc1 Ba2 63. Kc2 Kg6 64. Kc3 Be6 65. Kc2 Ba2 66. Kc3
Be6 1/2-1/2

[Event "11th Norway Chess 2023"]
[Site "Stavanger NOR"]
[Date "2023.05.31"]
[Round "2.5"]
[White "Firouzja, Alireza"]
[Black "Mamedyarov, Shakhriyar"]
[Result "1-0"]
[WhiteTitle "GM"]
[BlackTitle "GM"]
[WhiteElo "2785"]
[BlackElo "2738"]
[WhiteFideId "12573981"]
[BlackFideId "13401319"]
[EventDate "2023.05.30"]

1. d4 d5 2. c4 dxc4 3. e4 e5 4. Nf3 Bb4+ 5. Nc3 Nf6 6. Nxe5 b5 7. f3 O-O 8. a3
Ba5 9. a4 a6 10. Be2 Nfd7 11. Be3 c6 12. Nxd7 Nxd7 13. O-O Bb7 14. Qe1 f5 15.
exf5 Rxf5 16. Bd1 Rf7 17. Qg3 Nf6 18. Bc2 Nd5 19. Bg5 Qb6 20. Qh4 h6 21. Bd2 Nb4
22. Bg6 Rf6 23. Bb1 Nd3 24. Be3 Bxc3 25. bxc3 Re8 26. Bf2 Nf4 27. Kh1 c5 28.
axb5 axb5 29. Qg3 Nxg2 30. dxc5 Qc6 31. Bd4 Ne3 32. Rf2 Nd1 33. Rg2 g5 34. Be4
Rxe4 35. Bxf6 Re3 36. Rxd1 Rxf3 37. Qb8+ Kf7 38. Bd4 Rf4 39. Rd2 Qf3 40. h3
Qxh3+ 1-0

[Event "11th Norway Chess 2023"]
[Site "Stavanger NOR"]
[Date "2023.06.01"]
[Round "3.2"]
[White "Abdusattorov, Nodirbek"]
[Black "Firouzja, Alireza"]
[Result "0-1"]
[WhiteTitle "GM"]
[BlackTitle "GM"]
[WhiteElo "2731"]
[BlackElo "2785"]
[WhiteFideId "14204118"]
[BlackFideId "12573981"]
[EventDate "2023.05.30"]

1. d4 d5 2. c4 c6 3. Nf3 Nf6 4. Nc3 e6 5. e3 Nbd7 6. Be2 Bd6 7. b3 b6 8. Bb2 Bb7
9. O-O O-O 10. Qc2 Re8 11. Rad1 Qe7 12. Rfe1 Rad8 13. h3 h6 14. Bf1 Ba3 15. cxd5
exd5 16. Bxa3 Qxa3 17. Rb1 a5 18. Bd3 Qe7 19. Qb2 Ne4 20. Rbc1 Ng5 21. Nxg5 Qxg5
22. Na4 Re6 23. Qe2 c5 24. dxc5 d4 25. Qg4 Qe7 26. Bf5 Nf6 27. Qe2 Re5 28. c6
Bxc6 29. Rxc6 dxe3 30. Kf1 Rxf5 31. Qxe3 Qd7 32. Rcc1 Re8 33. Qxb6 Ne4 34. Rcd1
Nxf2 35. Rxe8+ Qxe8 36. Qxf2 Qb5+ 37. Kg1 Rxf2 38. Kxf2 Qf5+ 39. Ke3 Qg5+ 40.
Kf2 Qf4+ 41. Kg1 Qe3+ 42. Kf1 f5 43. Nb2 Qc3 44. Nc4 a4 45. Re1 axb3 46. axb3
Qxb3 47. Ne5 g5 48. Nf3 Kg7 49. Kf2 Kf6 50. g4 Qb6+ 51. Kg3 Qd6+ 52. Kf2 fxg4
53. hxg4 Qf4 54. Rh1 Kg7 55. Rg1 h5 56. Kg2 hxg4 57. Ne1 g3 58. Rf1 Qe3 59. Kh3
Qf2 0-1

[Event "11th Norway Chess 2023"]
[Site "Stavanger NOR"]
[Date "2023.06.01"]
[Round "3.3"]
[White "Caruana, Fabiano"]
[Black "Tari, Aryan"]
[Result "1-0"]
[WhiteTitle "GM"]
[BlackTitle "GM"]
[WhiteElo "2764"]
[BlackElo "2642"]
[WhiteFideId "2020009"]
[BlackFideId "1510045"]
[EventDate "2023.05.30"]

1. d4 Nf6 2. c4 e6 3. Nf3 d5 4. cxd5 exd5 5. Nc3 c6 6. Qc2 g6 7. Bg5 Be7 8. e3
Bf5 9. Bd3 Bxd3 10. Qxd3 O-O 11. Bxf6 Bxf6 12. h4 Na6 13. h5 c5 14. Rd1 Nb4 15.
Qe2 Re8 16. Kf1 Rc8 17. hxg6 hxg6 18. g3 Kg7 19. Kg2 cxd4 20. Nxd4 Nc6 21. Qf3
Re5 22. Nde2 Rf5 23. Nf4 Bxc3 24. bxc3 Qg5 25. Qe2 Qe7 26. Nxd5 Qe6 27. e4 Re8
28. Rhe1 Qc8 29. exf5 Rxe2 30. f6+ Kf8 31. Rxe2 Qf5 32. c4 Ne5 33. Rde1 Qf3+ 34.
Kg1 1-0

[Event "11th Norway Chess 2023"]
[Site "Stavanger NOR"]
[Date "2023.06.01"]
[Round "3.5"]
[White "So, Wesley"]
[Black "Giri, Anish"]
[Result "1/2-1/2"]
[WhiteTitle "GM"]
[BlackTitle "GM"]
[WhiteElo "2760"]
[BlackElo "2768"]
[WhiteFideId "5202213"]
[BlackFideId "24116068"]
[EventDate "2023.05.30"]

1. d4 Nf6 2. c4 e6 3. Nf3 d5 4. Nc3 c5 5. cxd5 cxd4 6. Qxd4 exd5 7. Bg5 Be7 8.
e3 O-O 9. Rd1 Be6 10. Bd3 h6 11. Bh4 Qa5 12. Bb1 Qa6 13. Qd3 Qxd3 14. Bxd3 Nc6
15. O-O g5 16. Bg3 Nh5 17. Ne2 Nxg3 18. hxg3 Bf6 19. Nfd4 Rac8 20. f3 Nxd4 21.
Nxd4 Bxd4 22. exd4 Rfe8 23. Kf2 Bd7 24. Rc1 Rxc1 25. Rxc1 Rc8 26. Rc5 b6 27.
Rxd5 Be6 28. Re5 Rd8 29. Ke3 Bxa2 30. f4 gxf4+ 31. gxf4 Kf8 32. g4 Re8 33. Bc2
Rc8 34. Bd3 Re8 35. Bc2 Rc8 36. Bd3 1/2-1/2

[Event "11th Norway Chess 2023"]
[Site "Stavanger NOR"]
[Date "2023.06.03"]
[Round "4.3"]
[White "Tari, Aryan"]
[Black "So, Wesley"]
[Result "1/2-1/2"]
[WhiteTitle "GM"]
[BlackTitle "GM"]
[WhiteElo "2642"]
[BlackElo "2760"]
[WhiteFideId "1510045"]
[BlackFideId "5202213"]
[EventDate "2023.05.30"]

1. e4 e5 2. Nf3 Nc6 3. Bb5 a6 4. Ba4 Nf6 5. O-O Be7 6. Re1 b5 7. Bb3 O-O 8. c3
d5 9. exd5 Nxd5 10. Nxe5 Nxe5 11. Rxe5 c6 12. d3 Bd6 13. Re1 Bf5 14. Qf3 Re8 15.
Rxe8+ Qxe8 16. Nd2 Qe1+ 17. Nf1 Bg6 18. Qd1 Qxd1 19. Bxd1 Bxd3 20. Bf3 Re8 21.
Be3 Be4 22. Bxe4 Rxe4 23. Rd1 f5 24. g3 Kf7 25. Kg2 a5 26. Kf3 a4 27. a3 Be7 28.
h4 h6 29. Bc1 g5 30. hxg5 hxg5 31. Ne3 g4+ 32. Kg2 Nxe3+ 33. Bxe3 Ke6 34. Kf1
Bd6 35. Ke2 f4 36. gxf4 Bxf4 37. Rd8 Bxe3 38. Kd3 Re5 39. Re8+ Kd6 40. Rxe5 Kxe5
41. Kxe3 Kf5 42. Kd3 Kf4 43. Ke2 Ke4 44. Kd2 Kf3 45. Ke1 c5 46. Kf1 Kf4 47. Ke1
Ke5 48. Kd2 Ke4 49. Ke2 Kf4 50. Ke1 Ke4 51. Ke2 Kf4 52. Ke1 1/2-1/2

[Event "11th Norway Chess 2023"]
[Site "Stavanger NOR"]
[Date "2023.06.03"]
[Round "4.4"]
[White "Firouzja, Alireza"]
[Black "Caruana, Fabiano"]
[Result "0-1"]
[WhiteTitle "GM"]
[BlackTitle "GM"]
[WhiteElo "2785"]
[BlackElo "2764"]
[WhiteFideId "12573981"]
[BlackFideId "2020009"]
[EventDate "2023.05.30"]

1. e4 e6 2. d4 d5 3. Nc3 Nf6 4. e5 Nfd7 5. f4 c5 6. Nf3 Nc6 7. Be3 cxd4 8. Nxd4
Qb6 9. Qd2 Qxb2 10. Rb1 Qa3 11. Ncb5 Qxa2 12. Rd1 Rb8 13. Nc7+ Kd8 14. Ncb5 Nc5
15. Bd3 Nxd3+ 16. Qxd3 Bd7 17. Nd6 Bxd6 18. exd6 Qc4 19. Qd2 f6 20. Nxc6+ bxc6
21. Qa5+ Ke8 22. Qxa7 Rb2 23. Qa8+ Kf7 24. Qxh8 Qxc2 25. Bd2 Qe4+ 26. Kf1 Qd3+
27. Ke1 c5 28. h4 Bb5 29. Kf2 Rxd2+ 30. Rxd2 Qxd2+ 31. Kg3 Qe3+ 32. Kh2 Qxf4+
33. Kg1 Qd4+ 34. Kh2 Qxh4+ 35. Kg1 Qd4+ 36. Kh2 Qe5+ 37. Kg1 Qxd6 38. Rxh7 Qf8 0-1

[Event "11th Norway Chess 2023"]
[Site "Stavanger NOR"]
[Date "2023.06.03"]
[Round "4.5"]
[White "Mamedyarov, Shakhriyar"]
[Black "Abdusattorov, Nodirbek"]
[Result "1/2-1/2"]
[WhiteTitle "GM"]
[BlackTitle "GM"]
[WhiteElo "2738"]
[BlackElo "2731"]
[WhiteFideId "13401319"]
[BlackFideId "14204118"]
[EventDate "2023.05.30"]

1. d4 d5 2. c4 dxc4 3. e4 e5 4. Nf3 Bb4+ 5. Nc3 exd4 6. Qxd4 Qxd4 7. Nxd4 Nf6 8.
f3 Bc5 9. Be3 Nc6 10. Nc2 Bxe3 11. Nxe3 Be6 12. Bxc4 O-O-O 13. Rd1 Rxd1+ 14.
Kxd1 Rd8+ 15. Kc1 Ne5 16. Bxe6+ fxe6 17. Kc2 c5 18. f4 Nfg4 19. Nxg4 Nxg4 20. g3
Kc7 21. Re1 Nxh2 22. Rh1 Nf3 23. Rxh7 Rd7 24. e5 Kc6 25. Rh8 Rd2+ 26. Kc1 Rg2
27. Rc8+ Kd7 28. Rxc5 Rxg3 29. Nb5 a6 30. Nd6 Rg1+ 31. Kc2 Rg2+ 32. Kc3 b6 33.
Rc4 b5 34. Rc8 Rg3 35. Kb4 Rg4 36. Kc5 Rxf4 37. Ra8 Nxe5 38. Ra7+ Kd8 39. Rxg7
Rf2 40. Nb7+ Ke8 41. Kd6 Nc4+ 42. Kxe6 Re2+ 43. Kf6 Rxb2 44. Nc5 Rf2+ 45. Ke6
Re2+ 46. Kf6 Rf2+ 47. Ke6 Re2+ 48. Kf6 1/2-1/2

[Event "11th Norway Chess 2023"]
[Site "Stavanger NOR"]
[Date "2023.06.04"]
[Round "5.1"]
[White "Carlsen, Magnus"]
[Black "Giri, Anish"]
[Result "1/2-1/2"]
[WhiteTitle "GM"]
[BlackTitle "GM"]
[WhiteElo "2853"]
[BlackElo "2768"]
[WhiteFideId "1503014"]
[BlackFideId "24116068"]
[EventDate "2023.05.30"]

1. d4 Nf6 2. c4 e6 3. Nf3 d5 4. g3 Be7 5. Bg2 O-O 6. O-O dxc4 7. Nc3 Nc6 8. e4
a6 9. h4 h6 10. Qe2 b5 11. Rd1 Bb7 12. Bf4 Re8 13. e5 Nd5 14. Nxd5 exd5 15. e6
Rf8 16. a4 fxe6 17. axb5 axb5 18. Rxa8 Bxa8 19. Qxe6+ Kh7 20. Ne5 Qd6 21. Qg4
Nxe5 22. Bxe5 Qg6 23. Qd7 Bf6 24. Qxb5 Bxe5 25. dxe5 Qf5 26. Qc5 Re8 27. Qxc7
Qxe5 28. Qd7 Qe6 29. Qb5 d4 30. Bxa8 Rxa8 31. Rxd4 Qe1+ 32. Kg2 Rf8 33. Rf4 Rxf4
34. gxf4 Qe4+ 35. Kg3 Qg6+ 36. Kh2 Qg4 37. Qxc4 Qxh4+ 38. Kg2 Qg4+ 39. Kh2 Qh4+ 1/2-1/2

[Event "11th Norway Chess 2023"]
[Site "Stavanger NOR"]
[Date "2023.06.04"]
[Round "5.2"]
[White "Caruana, Fabiano"]
[Black "Mamedyarov, Shakhriyar"]
[Result "0-1"]
[WhiteTitle "GM"]
[BlackTitle "GM"]
[WhiteElo "2764"]
[BlackElo "2738"]
[WhiteFideId "2020009"]
[BlackFideId "13401319"]
[EventDate "2023.05.30"]

1. c4 e5 2. Nc3 Nf6 3. Nf3 Nc6 4. e4 Bc5 5. Nxe5 Nxe5 6. d4 Bb4 7. dxe5 Nxe4 8.
Qf3 d5 9. Be2 d4 10. Qxe4 dxc3 11. O-O O-O 12. a3 cxb2 13. Bxb2 Bc5 14. Bd3 g6
15. e6 Qe7 16. Rfe1 a5 17. Qf4 f6 18. Be4 Ra6 19. Rad1 Rd6 20. Rxd6 Bxd6 21. Qh4
c6 22. Bd3 Bxa3 23. Bxa3 Qxa3 24. Qg3 Re8 25. Bxg6 Rxe6 26. Bd3+ Kh8 27. Rd1 Qd6
28. Qf3 Qe7 29. Bf1 Re5 30. h4 Be6 31. Rd4 Re1 32. Qc3 Bg8 33. Qd2 Qe5 34. Rd8
Qa1 35. Qd3 Qb1 36. Rxg8+ Kxg8 37. Qd8+ Kg7 38. Qc7+ Kg6 39. Qg3+ Kf5 40. Qh3+
Ke5 41. Qg3+ Ke6 42. Qg8+ Kd7 43. Qf7+ Kc8 44. Kh2 Qe4 45. Qg8+ Kc7 46. Kg1 Qd3
47. Qf7+ Kb6 0-1

[Event "11th Norway Chess 2023"]
[Site "Stavanger NOR"]
[Date "2023.06.04"]
[Round "5.3"]
[White "So, Wesley"]
[Black "Firouzja, Alireza"]
[Result "1/2-1/2"]
[WhiteTitle "GM"]
[BlackTitle "GM"]
[WhiteElo "2760"]
[BlackElo "2785"]
[WhiteFideId "5202213"]
[BlackFideId "12573981"]
[EventDate "2023.05.30"]

1. d4 Nf6 2. c4 g6 3. Nc3 d5 4. cxd5 Nxd5 5. e4 Nxc3 6. bxc3 Bg7 7. Nf3 c5 8.
Rb1 O-O 9. Be2 cxd4 10. cxd4 Qa5+ 11. Bd2 Qxa2 12. O-O Bg4 13. Be3 Nc6 14. Rxb7
Rab8 15. Rc7 Rfc8 16. Rxc8+ Rxc8 17. h3 Bxf3 18. Bxf3 Rd8 19. d5 Ne5 20. Bg5 Qa3
21. Be2 h6 22. Bd2 Qa2 23. Bb4 Bf6 24. Qd2 Qa4 25. f4 Nc6 26. Bc3 Qxe4 27. Bxf6
exf6 28. Rd1 Ne7 29. Bf3 Qa4 30. Qd4 Qxd4+ 31. Rxd4 Nf5 32. Ra4 Nh4 33. Kf2 Nxf3
34. Kxf3 Rxd5 35. Rxa7 Rd3+ 36. Kf2 Kf8 37. Ra8+ Kg7 38. h4 Rd4 39. Kf3 g5 40.
hxg5 fxg5 41. fxg5 hxg5 42. g4 Rf4+ 43. Kg3 Re4 44. Kf3 Rd4 45. Ra3 f6 46. Kg3
Kf7 47. Rf3 Ke6 48. Re3+ Kd5 49. Rf3 Ke5 50. Rf5+ Ke6 51. Rf3 Rd6 52. Re3+ Kd5
53. Rf3 Ke4 54. Rf5 Ke3 55. Rf3+ 1/2-1/2

[Event "11th Norway Chess 2023"]
[Site "Stavanger NOR"]
[Date "2023.06.05"]
[Round "6.1"]
[White "Tari, Aryan"]
[Black "Carlsen, Magnus"]
[Result "1/2-1/2"]
[WhiteTitle "GM"]
[BlackTitle "GM"]
[WhiteElo "2642"]
[BlackElo "2853"]
[WhiteFideId "1510045"]
[BlackFideId "1503014"]
[EventDate "2023.05.30"]

1. e4 c5 2. Nf3 d6 3. Bb5+ Nd7 4. d4 cxd4 5. Nxd4 g6 6. O-O Bg7 7. Re1 Nf6 8.
Bf1 O-O 9. c4 b6 10. Nc3 Bb7 11. f3 a6 12. Be3 Rc8 13. Rc1 Re8 14. Qd2 h5 15.
Qf2 e6 16. h3 d5 17. cxd5 exd5 18. exd5 Nxd5 19. Nxd5 Rxc1 20. Rxc1 Bxd5 21.
Bxa6 Qe7 22. Bd2 Ra8 23. Bb5 Rxa2 24. Bc3 Nc5 25. Re1 Ne6 26. Qe3 Qd6 27. Nxe6
Bxe6 28. h4 Bxc3 29. Qxc3 Ra5 30. Bf1 Kh7 31. b4 Rd5 32. Bc4 Qc7 33. Rc1 Rd8 34.
Bf1 Qf4 35. Qe1 Rd2 36. b5 Rb2 37. Rd1 Rc2 38. Qe4 Qc7 39. Qe3 Bc4 40. Bxc4 Rxc4
41. Qg5 Kg7 42. Re1 Qd6 43. Kh1 Rb4 44. Rc1 Qd4 45. Rc6 Rb1+ 46. Kh2 Rd1 47. Qg3
Qg1+ 48. Kh3 Rd5 49. Qf4 Rf5 50. Qc4 g5 51. hxg5 Qh1+ 52. Kg3 Rxg5+ 53. Kf4 Qh4+
54. g4 hxg4 55. Qd4+ Kh7 56. Qd3+ Rg6 57. Rxg6 fxg6 58. fxg4 Kh6 59. Qd4 Qg5+
60. Kf3 Qxb5 61. Qh8+ Kg5 62. Qd8+ Kh6 63. Qh8+ Kg5 64. Qd8+ 1/2-1/2

[Event "11th Norway Chess 2023"]
[Site "Stavanger NOR"]
[Date "2023.06.05"]
[Round "6.4"]
[White "Mamedyarov, Shakhriyar"]
[Black "So, Wesley"]
[Result "1/2-1/2"]
[WhiteTitle "GM"]
[BlackTitle "GM"]
[WhiteElo "2738"]
[BlackElo "2760"]
[WhiteFideId "13401319"]
[BlackFideId "5202213"]
[EventDate "2023.05.30"]

1. d4 d5 2. c4 dxc4 3. e4 e5 4. Nf3 Bb4+ 5. Nc3 exd4 6. Nxd4 Nd7 7. Bxc4 Ngf6 8.
O-O O-O 9. f3 Ne5 10. Be2 Qe7 11. Bg5 Bxc3 12. bxc3 c5 13. Nc2 Rd8 14. Qe1 h6
15. Bxf6 Qxf6 16. Ne3 Nd3 17. Bxd3 Rxd3 18. Nd5 Qd8 19. Qe2 c4 20. Rfd1 Rxd1+
21. Rxd1 b5 22. a4 a6 23. Qb2 Qa5 24. axb5 axb5 25. h3 Be6 26. Nf4 Rb8 27. Kh1
b4 28. cxb4 Rxb4 29. Qc3 Qb6 30. Nxe6 fxe6 31. Rd7 Rb1+ 32. Kh2 Qb8+ 33. e5 Qb6
34. Rd4 Rc1 35. Qd2 Qb1 36. Re4 Kh7 37. Qd6 Rh1+ 38. Kg3 Qg1 39. Qxe6 Qh2+ 40.
Kf2 Qg1+ 41. Kg3 Qh2+ 42. Kh4 Qxg2 43. Qf5+ Kh8 44. Qf8+ Kh7 45. Qf5+ Kh8 46.
Qf8+ Kh7 47. Qf5+ 1/2-1/2

[Event "11th Norway Chess 2023"]
[Site "Stavanger NOR"]
[Date "2023.06.05"]
[Round "6.5"]
[White "Abdusattorov, Nodirbek"]
[Black "Caruana, Fabiano"]
[Result "0-1"]
[WhiteTitle "GM"]
[BlackTitle "GM"]
[WhiteElo "2731"]
[BlackElo "2764"]
[WhiteFideId "14204118"]
[BlackFideId "2020009"]
[EventDate "2023.05.30"]

1. e4 e5 2. Nf3 Nc6 3. Bb5 Nf6 4. d3 Bc5 5. Bxc6 dxc6 6. O-O Bd6 7. Nbd2 Be6 8.
Nb3 b6 9. Ng5 Bg4 10. f3 Bh5 11. Kh1 Nd7 12. Nh3 f6 13. Be3 Qe7 14. Nd2 Nc5 15.
Nc4 Ne6 16. Ng1 g5 17. Ne2 Bf7 18. Qe1 h5 19. Nxd6+ cxd6 20. a4 h4 21. a5 b5 22.
h3 a6 23. d4 c5 24. c3 Kf8 25. Rd1 Kg7 26. Qf2 Rac8 27. Rd2 Qc7 28. Ra1 Rhd8 29.
b4 cxd4 30. cxd4 Qe7 31. Rad1 Rh8 32. Qe1 Rc4 33. dxe5 dxe5 34. Rd6 Rd8 35. Rxd8
Nxd8 36. g3 hxg3 37. Nxg3 Be6 38. Qd2 Nf7 39. Bc5 Qe8 40. h4 Qh8 41. h5 Qh7 42.
Kg2 Qh6 43. Kf2 g4 44. Be3 Qh8 45. fxg4 Qc8 46. Bc5 Bxg4 47. Rf1 Bh3 48. Rg1 Kh7
49. h6 Qg4 50. Nf5 Qxe4 51. Rg7+ Kh8 52. Ne3 Nxh6 53. Nxc4 Kxg7 54. Bf8+ Kxf8
55. Qxh6+ Kg8 56. Ne3 Bf5 57. Qh5 Bg6 58. Qh3 f5 59. Qh6 Kf7 60. Qh8 Qd4 61. Ke2
f4 62. Ng4 f3+ 0-1

[Event "11th Norway Chess 2023"]
[Site "Stavanger NOR"]
[Date "2023.06.06"]
[Round "7.2"]
[White "So, Wesley"]
[Black "Abdusattorov, Nodirbek"]
[Result "1-0"]
[WhiteTitle "GM"]
[BlackTitle "GM"]
[WhiteElo "2760"]
[BlackElo "2731"]
[WhiteFideId "5202213"]
[BlackFideId "14204118"]
[EventDate "2023.05.30"]

1. d4 d5 2. c4 dxc4 3. e4 e5 4. Nf3 exd4 5. Bxc4 Nc6 6. O-O Qf6 7. Bg5 Qg6 8.
Nbd2 Be7 9. Bf4 Nf6 10. Bb5 Bd6 11. Bg3 Bxg3 12. hxg3 O-O 13. Rc1 Ng4 14. Bxc6
bxc6 15. Qa4 Qh6 16. Rxc6 Bd7 17. Rxh6 Bxa4 18. Rh5 Nf6 19. Ra5 Bc2 20. e5 Ne4
21. Rc1 Nxd2 22. Rxc2 Nxf3+ 23. gxf3 f6 24. Rxc7 Rf7 25. Rxf7 Kxf7 26. exf6 Rd8
27. Kf1 d3 28. Ke1 1-0

[Event "11th Norway Chess 2023"]
[Site "Stavanger NOR"]
[Date "2023.06.06"]
[Round "7.5"]
[White "Giri, Anish"]
[Black "Tari, Aryan"]
[Result "1-0"]
[WhiteTitle "GM"]
[BlackTitle "GM"]
[WhiteElo "2768"]
[BlackElo "2642"]
[WhiteFideId "24116068"]
[BlackFideId "1510045"]
[EventDate "2023.05.30"]

1. d4 Nf6 2. c4 e6 3. Nf3 d5 4. g3 dxc4 5. Bg2 c5 6. O-O Nc6 7. Qa4 Bd7 8. Qxc4
b5 9. Qd3 c4 10. Qc2 Rc8 11. a4 a6 12. axb5 axb5 13. Bg5 Be7 14. Nc3 O-O 15.
Bxf6 Bxf6 16. Nxb5 Nb4 17. Qd2 Bxb5 18. Qxb4 Bc6 19. e3 e5 20. dxe5 Bxf3 21.
exf6 Qxf6 22. Qc3 Bxg2 23. Qxf6 gxf6 24. Kxg2 Rfd8 25. Rfc1 Rd2 26. b3 c3 27.
Ra4 Rb2 28. Rc4 Rb8 29. R1xc3 R2xb3 30. Rg4+ Kf8 31. Rcc4 R3b5 32. Rgf4 R8b6 33.
Rc8+ Kg7 34. Rg4+ Rg5 35. Ra4 Rf5 36. g4 Rg5 37. h4 Rg6 38. Kf3 Rb5 39. Raa8 Kh6
40. Kf4 f5 41. g5+ Kh5 42. Rh8 h6 43. Rag8 Ra6 44. Rxh6+ Rxh6 45. gxh6 Kxh6 46.
Rg5 Rb4+ 47. Kxf5 Rxh4 48. Rg3 Rh2 49. f4 Kh5 50. Rg7 1-0

[Event "11th Norway Chess 2023"]
[Site "Stavanger NOR"]
[Date "2023.06.08"]
[Round "8.1"]
[White "Mamedyarov, Shakhriyar"]
[Black "Carlsen, Magnus"]
[Result "1/2-1/2"]
[WhiteTitle "GM"]
[BlackTitle "GM"]
[WhiteElo "2738"]
[BlackElo "2853"]
[WhiteFideId "13401319"]
[BlackFideId "1503014"]
[EventDate "2023.05.30"]

1. d4 Nf6 2. c4 e6 3. Nf3 d5 4. Nc3 Be7 5. Bf4 O-O 6. e3 c5 7. dxc5 Bxc5 8. a3
Nc6 9. cxd5 Nxd5 10. Nxd5 exd5 11. Bd3 Bd6 12. Bxd6 Qxd6 13. O-O Qf6 14. Qd2 Bg4
15. Be2 d4 16. Nxd4 Nxd4 17. exd4 Bxe2 18. Qxe2 Rad8 19. Rad1 Rxd4 20. Rxd4 Qxd4
21. Rd1 Qa4 22. g3 Qc6 23. Qe7 h6 24. h4 Re8 25. Rd8 Rxd8 26. Qxd8+ Kh7 27. Qd3+
Kg8 28. Qd8+ Kh7 29. Qd3+ Kg8 30. Qd8+ Kh7 31. Qd3+ 1/2-1/2